Datum a čas kvízu
43
Celkem bodů
Celkový počet nahraných bodů na tomto kvízu bez doplňovacích otázek.
1.
Pořadí na kvízu
Konečné umístění týmu na tomto kvízu.
Zaznamenané odpovědi
| # | Otázka | Odpověď | Body | Výsledky |
|---|---|---|---|---|
| 1. | Minulý týden vyšla zpráva o to... | špatné parkování elektrokoloběžek | 1 | |
| 2. | Šéf slovenského parlamentu má... | Boris Kollár, hnutí Jsme rodina | 0 | |
| 3. | Slavný čtyřiačtyřicetiletý ame... | Ye / Kanye West | 1 | |
| 4. | Známý šéfkuchař Přemek Forejt... | McDonald’s | 1 | |
| 5. | Brněnští hokejoví fanoušci měl... | 2:1 | 1 | |
| 6. | Začneme v Africe. Jak se dnes... | Zimbabwe | 1 | |
| 7. | Kambodžské království je konst... | Kampučia | 1 | |
| 8. | Thajsko je jedinou zemí jihový... | Siam, Město Andělů | 0 | |
| 9. | Zřejmě víte, že na území dnešn... | Robinson Crusoe | 1 | |
| 10. | Vzpomenete si na jednoslovný n... | Jugoslávie | 1 |